000 00298nam a2200121 a 4500
008 101026s1969|||| d
100 1 _aMarainiová, Dacia
245 1 0 _aNikto sa nepamätá
041 _aslo
260 _bSlovenský spisovateľ
_aBratislava
_c1969
020 _c16
044 _axo
_cSK
999 _c12310
_d12310